[Event "SVK-chT3B2 2324"]
[Site "Slovakia"]
[Date "2024.03.03"]
[Round "9.5"]
[White "Malinovsky, Jozef"]
[Black "Cernicky, Jan"]
[Result "1/2-1/2"]
[WhiteElo "1627"]
[BlackElo "1523"]
[PlyCount "61"]
[EventDate "2023.10.15"]
[EventType "team-tourn"]
[EventRounds "11"]
[EventCountry "SVK"]
[SourceTitle "EXT 2025"]
[Source "ChessBase"]
[SourceDate "2024.10.14"]
[SourceVersion "1"]
[SourceVersionDate "2024.10.14"]
[SourceQuality "1"]
[WhiteTeam "Povazska Bystrica II"]
[BlackTeam "Dubnica nad Vahom IV"]
[WhiteTeamCountry "SVK"]
[BlackTeamCountry "SVK"]

1. c4 c5 2. Nf3 Nf6 3. Nc3 e6 4. g3 Be7 5. Bg2 Nc6 6. 0-0 0-0 7. d4 cxd4 8. Nxd4 a6 9. Nxc6 bxc6 10. b3 Bb7 11. Bb2 d5 12. cxd5 cxd5 13. Na4 Bc6 14. Qd4 Bxa4 15. Qxa4 Ne8 16. Rac1 Bf6 17. Ba3 Be7 18. Bxe7 Qxe7 19. Rc6 Qb7 20. Rfc1 Nf6 21. Rc7 Qb5 22. Qxb5 axb5 23. R1c2 b4 24. e3 g6 25. f3 Rab8 26. h4 h5 27. Bf1 Rb6 28. Bd3 Rfb8 29. Rc1 Kg7 30. Bb1 R8b7 31. R7c6 1/2-1/2

[Event "SVK-chT1W 2324"]
[Site "Slovakia"]
[Date "2023.12.17"]
[Round "6.8"]
[White "Malinovsky, Jozef"]
[Black "Bukovsky, Milan"]
[Result "1/2-1/2"]
[WhiteElo "1635"]
[BlackElo "1822"]
[PlyCount "76"]
[EventDate "2023.10.21"]
[EventType "team-tourn"]
[EventRounds "11"]
[EventCountry "SVK"]
[SourceTitle "EXT 2025"]
[Source "ChessBase"]
[SourceDate "2024.10.14"]
[SourceVersion "1"]
[SourceVersionDate "2024.10.14"]
[SourceQuality "1"]
[WhiteTeam "Povazska Bystrica"]
[BlackTeam "Trnava Sered"]
[WhiteTeamCountry "SVK"]
[BlackTeamCountry "SVK"]

1. c4 e6 2. Nc3 Nf6 3. d4 Bb4 4. a3 Bxc3+ 5. bxc3 c5 6. Qc2 0-0 7. Bg5 d6 8. Nf3 h6 9. Bd2 Nc6 10. e3 b6 11. Be2 Na5 12. Qa2 Bb7 13. 0-0 Ne4 14. Rad1 Qf6 15. Ne1 Nxd2 16. Rxd2 Rad8 17. f3 Qg5 18. f4 Qe7 19. Bf3 Ba6 20. Be2 f6 21. Rf3 Bb7 22. Rg3 Be4 23. Bf3 Qb7 24. d5 Bxf3 25. Nxf3 e5 26. fxe5 fxe5 27. Rf2 Qf7 28. e4 Qf4 29. Qe2 Rd7 30. Nd2 Qxf2+ 31. Qxf2 Rxf2 32. Kxf2 Rf7+ 33. Ke3 Rf6 34. h3 Kf7 35. Rf3 Kg6 36. Rg3+ Kf7 37. Rf3 Ke7 38. Kd3 Rg6 1/2-1/2

[Event "SVK-chT1W 2324"]
[Site "Slovakia"]
[Date "2023.12.16"]
[Round "5.8"]
[White "Malinovsky, Jozef"]
[Black "Tomko, Michal"]
[Result "1/2-1/2"]
[WhiteElo "1635"]
[BlackElo "1713"]
[PlyCount "116"]
[EventDate "2023.10.21"]
[EventType "team-tourn"]
[EventRounds "11"]
[EventCountry "SVK"]
[SourceTitle "EXT 2025"]
[Source "ChessBase"]
[SourceDate "2024.10.14"]
[SourceVersion "1"]
[SourceVersionDate "2024.10.14"]
[SourceQuality "1"]
[WhiteTeam "Povazska Bystrica"]
[BlackTeam "Dubnica nad Vahom II"]
[WhiteTeamCountry "SVK"]
[BlackTeamCountry "SVK"]

1. c4 c5 2. Nc3 Nc6 3. g3 g6 4. Bg2 Bg7 5. Nf3 Nf6 6. d3 d6 7. 0-0 0-0 8. a3 Bd7 9. Rb1 Qc8 10. Re1 Rb8 11. Bd2 h6 12. Qc1 Kh7 13. Nd5 Ng8 14. b4 e6 15. Ne3 Nd4 16. bxc5 dxc5 17. Nc2 Nxf3+ 18. Bxf3 Bc6 19. Bxc6 Qxc6 20. Rb3 Rfd8 21. Qb1 Rd7 22. Be3 e5 23. Rb5 Bf8 24. Qb2 Re8 25. f3 b6 26. a4 Bg7 27. Qb1 Ne7 28. a5 Nc8 29. axb6 axb6 30. Bf2 Ra7 31. Qb3 Qa8 32. Rb1 Ra2 33. e4 Qa4 34. Ne3 Rd8 35. Qxa4 Rxa4 36. Nd5 g5 37. g4 Rd7 38. Kg2 Ra3 39. R5b3 Ra2 40. R1b2 Ra1 41. Rb1 Rxb1 42. Rxb1 f6 43. Be3 Kg6 44. Kf2 Bf8 45. Ke2 Rb7 46. Rb2 Kf7 47. Bd2 Be7 48. Be3 Bd6 49. Bf2 Bf8 50. Be1 Be7 51. Ke3 Ke6 52. h4 Bd8 53. hxg5 fxg5 54. Rh2 Rh7 55. Bc3 Nd6 56. Rb2 Rb7 57. Rh2 Rh7 58. Rb2 Rb7 1/2-1/2

[Event "SVK-chT1W 2324"]
[Site "Slovakia"]
[Date "2023.11.26"]
[Round "4.8"]
[White "Kuna, Vladimir"]
[Black "Malinovsky, Jozef"]
[Result "1-0"]
[WhiteElo "1891"]
[BlackElo "1627"]
[PlyCount "161"]
[EventDate "2023.10.21"]
[EventType "team-tourn"]
[EventRounds "11"]
[EventCountry "SVK"]
[SourceTitle "EXT 2025"]
[Source "ChessBase"]
[SourceDate "2024.10.14"]
[SourceVersion "1"]
[SourceVersionDate "2024.10.14"]
[SourceQuality "1"]
[WhiteTeam "Bratislava Slovan III"]
[BlackTeam "Povazska Bystrica"]
[WhiteTeamCountry "SVK"]
[BlackTeamCountry "SVK"]

1. d4 Nf6 2. Nf3 e6 3. Bg5 Be7 4. c4 Ne4 5. Bf4 0-0 6. Qc2 d5 7. e3 Bb4+ 8. Nbd2 Nxd2 9. Nxd2 c6 10. Bd3 h6 11. 0-0 Bd6 12. Bxd6 Qxd6 13. Nf3 dxc4 14. Qxc4 Nd7 15. Rfd1 Re8 16. Qc3 Nf6 17. Ne5 Nd5 18. Qb3 Nb6 19. Rac1 Nd7 20. Nf3 Qe7 21. Ne5 Nxe5 22. dxe5 Qc7 23. Qc3 Qe7 24. Be2 Rb8 25. Qd4 Ra8 26. h3 Kf8 27. Qe4 g6 28. Qd4 a5 29. a3 a4 30. Rc4 Ra5 31. Rxa4 Rd5 32. Qf4 Kg7 33. Rad4 Qg5 34. Qxg5 hxg5 35. f4 gxf4 36. exf4 Red8 37. Rxd5 exd5 38. Kf2 Be6 39. Bd3 Ra8 40. Rc1 Rc8 41. g4 Rh8 42. Kg3 Bd7 43. Bf1 Ra8 44. Rc3 Ra4 45. Kf3 Ra7 46. Ke3 Ra8 47. Rb3 Bc8 48. Kd4 Ra4+ 49. Rb4 Ra5 50. Ke3 Rc5 51. Kd2 Ra5 52. Bd3 c5 53. Rb5 Rxb5 54. Bxb5 f6 55. exf6+ Kxf6 56. Ke3 Be6 57. Be2 d4+ 58. Ke4 Bb3 59. h4 Bc2+ 60. Bd3 Bb3 61. Bb1 b6 62. Kd3 Be6 63. g5+ Kf5 64. Kd2+ Kxf4 65. Bxg6 Kg4 66. Be8 Kxh4 67. g6 Bf5 68. Bf7 Bxg6 69. Bxg6 Kg5 70. Bd3 Kf4 71. Ba6 Ke5 72. Kd3 Kd5 73. Bb7+ Ke5 74. b4 Kd6 75. Bf3 b5 76. Bg2 cxb4 77. axb4 Kc7 78. Kxd4 Kb6 79. Be4 Ka7 80. Kc5 Ka6 81. Bd5 1-0

[Event "SVK-ch Amateurs"]
[Site "Liptovsky Jan"]
[Date "2023.06.17"]
[Round "6"]
[White "Machaj, Szymon"]
[Black "Malinovsky, Jozef"]
[Result "1/2-1/2"]
[WhiteElo "1300"]
[BlackElo "1670"]
[PlyCount "63"]
[EventDate "2023.06.15"]
[EventType "swiss"]
[EventRounds "8"]
[EventCountry "SVK"]
[SourceTitle "CBM 214 Extra"]
[Source "ChessBase"]
[SourceDate "2023.07.31"]
[SourceVersion "1"]
[SourceVersionDate "2023.07.31"]
[SourceQuality "1"]

1. e4 d5 2. exd5 Qxd5 3. Nc3 Qa5 4. d4 c6 5. Bd2 Qd8 6. Nf3 Bg4 7. Bc4 e6 8. Be3 Nf6 9. 0-0 Bd6 10. h3 Bh5 11. Re1 0-0 12. Qe2 Qc7 13. Rad1 Nbd7 14. Bg5 Bf4 15. Bxf4 Qxf4 16. Qe3 Qxe3 17. Rxe3 Nb6 18. Bb3 Nbd5 19. Nxd5 Nxd5 20. Bxd5 cxd5 21. Rdd3 Bxf3 22. Rxf3 Rfc8 23. Rc3 g6 24. Kf1 h5 25. Ke2 b5 26. Kd2 b4 27. Rxc8+ Rxc8 28. Rb3 a5 29. a3 Rc4 30. Kd3 f6 31. c3 e5 32. axb4 1/2-1/2

[Event "Drienica Saris op"]
[Site "Drienica"]
[Date "2020.08.13"]
[Round "7"]
[White "Steiniger, Florian"]
[Black "Malinovsky, Jozef"]
[Result "1-0"]
[WhiteElo "1951"]
[BlackElo "1706"]
[PlyCount "116"]
[EventDate "2020.08.07"]
[EventType "swiss"]
[EventRounds "9"]
[EventCountry "SVK"]
[SourceTitle "CBM 197 Extra"]
[Source "ChessBase"]
[SourceDate "2020.09.30"]
[SourceVersion "1"]
[SourceVersionDate "2020.09.30"]
[SourceQuality "1"]

1. e4 c5 2. c4 Nc6 3. Nc3 g6 4. d3 Bg7 5. g3 d6 6. Bg2 e5 7. Nge2 Rb8 8. 0-0 Nge7 9. Be3 0-0 10. Qd2 Nd4 11. Bh6 f5 12. Bxg7 Kxg7 13. f4 Nec6 14. Nxd4 Nxd4 15. Ne2 fxe4 16. dxe4 b5 17. Nxd4 cxd4 18. cxb5 Rxb5 19. b3 Qe7 20. Rac1 Bb7 21. Rc4 Ba6 22. Rfc1 Rc5 23. Rxc5 dxc5 24. Qa5 Be2 25. Rxc5 Rf7 26. Rxe5 Qb7 27. Re6 Qc7 28. Qxc7 Rxc7 29. Rd6 d3 30. e5 Rc2 31. Be4 Rc1+ 32. Kf2 Rc2 33. Ke3 Rxa2 34. Bxd3 Bxd3 35. Rxd3 Ra3 36. Ke4 Ra6 37. g4 h5 38. gxh5 gxh5 39. f5 Ra1 40. f6+ Kf7 41. Rf3 Re1+ 42. Kf5 a5 43. Rd3 Rf1+ 44. Ke4 Re1+ 45. Kd5 Re2 46. h3 Re1 47. Kd6 Re2 48. Rd5 Ra2 49. Kd7 a4 50. e6+ Kxf6 51. e7 axb3 52. e8Q Ra7+ 53. Kc6 Ra6+ 54. Kb5 b2 55. Qe5+ Kg6 56. Qg5+ Kf7 57. Qxh5+ Rg6 58. Rd7+ Kf6 1-0

[Event "SVK-ch Amateur"]
[Site "Topolcany"]
[Date "2020.07.10"]
[Round "2"]
[White "Brnusak, Tomas"]
[Black "Malinovsky, Jozef"]
[Result "1-0"]
[WhiteElo "2044"]
[BlackElo "1698"]
[PlyCount "101"]
[EventDate "2020.07.10"]
[EventType "swiss"]
[EventRounds "7"]
[EventCountry "SVK"]
[SourceTitle "EXT 2021"]
[Source "ChessBase"]
[SourceDate "2020.10.23"]
[SourceVersion "1"]
[SourceVersionDate "2020.10.23"]
[SourceQuality "1"]

1. Nf3 Nc6 2. g3 Nf6 3. Bg2 e5 4. d3 Be7 5. c4 e4 6. dxe4 Nxe4 7. 0-0 d6 8. Nd4 f5 9. Nc3 Nxc3 10. bxc3 Nxd4 11. cxd4 0-0 12. Qb3 Rb8 13. Bb2 Kh8 14. Rfe1 Bf6 15. e4 fxe4 16. Bxe4 Bd7 17. Qc2 h6 18. Re3 b5 19. c5 dxc5 20. dxc5 Bxb2 21. Qxb2 Qf6 22. Rb1 Qxb2 23. Rxb2 a6 24. Rd2 Bh3 25. Ra3 Rf6 26. c6 Ra8 27. Rxa6 Rff8 28. Rxa8 Rxa8 29. Rb2 g5 30. f3 b4 31. Rxb4 Rxa2 32. Rb7 Rg2+ 33. Kf1 Rxg3+ 34. Ke1 Rg1+ 35. Kd2 Rg2+ 36. Ke3 Rxh2 37. Rxc7 Bf1 38. Ra7 Re2+ 39. Kd4 Rd2+ 40. Kc5 Bh3 41. Rh7+ Kg8 42. Rxh6 Bc8 43. Rg6+ Kf7 44. Rxg5 Ra2 45. Kb6 Rb2+ 46. Rb5 Rd2 47. Bf5 Bxf5 48. Rxf5+ Ke6 49. c7 Kxf5 50. c8Q+ Kf4 51. Qc1 1-0

[Event "SVK-chT2B 1920"]
[Site "Slovakia"]
[Date "2020.02.15"]
[Round "8.8"]
[White "Malinovsky, Jozef"]
[Black "Behul, Pavol1"]
[Result "0-1"]
[WhiteElo "1695"]
[BlackElo "1901"]
[PlyCount "180"]
[EventDate "2019.10.26"]
[EventType "team-tourn"]
[EventRounds "11"]
[EventCountry "SVK"]
[SourceTitle "CBM 195 Extra"]
[Source "ChessBase"]
[SourceDate "2020.05.31"]
[SourceVersion "1"]
[SourceVersionDate "2020.05.31"]
[SourceQuality "1"]
[WhiteTeam "Povazska Bystrica II"]
[BlackTeam "Surany"]
[WhiteTeamCountry "SVK"]
[BlackTeamCountry "SVK"]

1. e4 d6 2. d4 Nf6 3. Nc3 g6 4. Bc4 Bg7 5. f3 0-0 6. Be3 h6 7. Qd2 Kh7 8. h4 Nc6 9. g4 Nd7 10. 0-0-0 e5 11. d5 Nd4 12. Nce2 Nxe2+ 13. Nxe2 a6 14. h5 g5 15. Ng3 b5 16. Bd3 Nc5 17. Nf5 Bf6 18. Qf2 Na4 19. Qd2 Bd7 20. b3 Nc5 21. Qf2 Nb7 22. Qe2 Qc8 23. Bd2 c5 24. dxc6 Qxc6 25. Be3 Rfc8 26. Kb1 a5 27. Qd2 Be6 28. Rc1 Bxf5 29. gxf5 Be7 30. c4 b4 31. Be2 f6 32. Qd5 Kg7 33. Rhg1 Rc7 34. Qd2 Kh7 35. Bd3 Nc5 36. Bc2 Qe8 37. Rh1 a4 38. Bxc5 axb3 39. Bxb3 dxc5 40. Ba4 Qf7 41. Bb5 Rd8 42. Qc2 Ra7 43. Ba4 Rd4 44. Bb5 Bd6 45. Ba4 Ra5 46. Bb3 Qe8 47. Rcd1 Qa8 48. Rhg1 Ra3 49. Rd3 Qe8 50. Rh1 Kg8 51. Rdd1 Kf8 52. Rh2 Ke7 53. Rd3 Qa8 54. Rhd2 Ra7 55. Rg2 Kf8 56. Rd1 Bc7 57. Rgd2 Qe8 58. Rh2 Ra6 59. Rhh1 Rad6 60. Rxd4 exd4 61. Qd3 Qe5 62. Bc2 Qg3 63. Qe2 Ra6 64. Qd3 Qd6 65. Bb3 Qd8 66. Re1 Bg3 67. Rg1 Qd6 68. Rd1 Bf2 69. Qc2 Be3 70. Qd3 Qf4 71. Qc2 Qxf3 72. Qd3 Qf4 73. Rf1 Qe5 74. Rf3 Ke7 75. Rf1 Ra8 76. Rh1 g4 77. Re1 g3 78. Re2 Bf2 79. Qf3 Rg8 80. Qg2 Rg5 81. Bd1 d3 82. Rxf2 gxf2 83. Qxf2 Qd4 84. Qf4 Qd6 85. e5 Qxe5 86. Qf3 Qd4 87. Qb7+ Qd7 88. Qe4+ Kf7 89. Qe3 d2 90. Ba4 d1Q+ 0-1

[Event "SVK-chT2B 1920"]
[Site "Slovakia"]
[Date "2019.12.15"]
[Round "6.8"]
[White "Malinovsky, Jozef"]
[Black "Sedlacek, Ondrej"]
[Result "1-0"]
[WhiteElo "1718"]
[BlackElo "1809"]
[PlyCount "155"]
[EventDate "2019.10.26"]
[EventType "team-tourn"]
[EventRounds "11"]
[EventCountry "SVK"]
[SourceTitle "CBM 194 Extra"]
[Source "ChessBase"]
[SourceDate "2020.03.31"]
[SourceVersion "1"]
[SourceVersionDate "2020.03.31"]
[SourceQuality "1"]
[WhiteTeam "Povazska Bystrica II"]
[BlackTeam "Trencin"]
[WhiteTeamCountry "SVK"]
[BlackTeamCountry "SVK"]

1. c4 c5 2. Nc3 Nf6 3. Nf3 Nc6 4. d3 g6 5. g3 Bg7 6. Bg2 d6 7. 0-0 0-0 8. a3 a6 9. Rb1 Qc7 10. Bg5 e6 11. Qc1 b6 12. Re1 Bb7 13. h3 Rfe8 14. e4 Nd7 15. Bh6 Nde5 16. Bxg7 Nxf3+ 17. Bxf3 Kxg7 18. Bg2 Rad8 19. Qf4 Nd4 20. b4 f6 21. Rb2 Rb8 22. Qe3 Bc6 23. Reb1 Red8 24. a4 Ba8 25. Ne2 Nxe2+ 26. Qxe2 Bc6 27. b5 axb5 28. axb5 Bb7 29. Ra2 Ra8 30. Rba1 Rdb8 31. h4 Qc8 32. Bh3 Rxa2 33. Rxa2 Ra8 34. Rxa8 Bxa8 35. Qa2 Kf7 36. Qa7+ Qb7 37. Qa1 d5 38. exd5 exd5 39. Bg2 Qb8 40. Qa3 Ke6 41. Qa2 Qd8 42. Qa7 h6 43. Bf3 Ke5 44. Qa1+ Ke6 45. Bg4+ f5 46. Bf3 Kd6 47. Qa7 Ke5 48. Qf7 Kd4 49. Qxg6 dxc4 50. Bxa8 Qxa8 51. dxc4 Qa1+ 52. Kg2 Qb1 53. Qxb6 Qe4+ 54. Kh2 Qe1 55. Qc6 f4 56. Qd5+ Kc3 57. Qxc5 fxg3+ 58. Kxg3 Qg1+ 59. Kf3 Qd1+ 60. Kf4 h5 61. f3 Qd8 62. Kg3 Qg8+ 63. Kf2 Qg6 64. Qe3+ Kb4 65. b6 Qf6 66. Qe4 Qxb6+ 67. Ke2 Qf6 68. Ke3 Qh6+ 69. Kd3 Qd6+ 70. Qd5 Qg6+ 71. Ke3 Qh6+ 72. Ke2 Qg6 73. Qb5+ Kc3 74. Qe5+ Kb4 75. c5 Qg2+ 76. Ke3 Qg1+ 77. Ke4 Qe1+ 78. Kf5 1-0

[Event "SVK-chT2B 1819"]
[Site "Slovakia"]
[Date "2019.02.03"]
[Round "7.8"]
[White "Malinovsky, Jozef"]
[Black "Chlebana, Dusan"]
[Result "1/2-1/2"]
[WhiteElo "1767"]
[BlackElo "1566"]
[PlyCount "60"]
[EventDate "2018.10.13"]
[EventType "team-tourn"]
[EventRounds "11"]
[EventCountry "SVK"]
[SourceTitle "CBM 189 Extra"]
[Source "ChessBase"]
[SourceDate "2019.05.31"]
[SourceVersion "1"]
[SourceVersionDate "2019.05.31"]
[SourceQuality "1"]
[WhiteTeam "Povazska Bystrica"]
[BlackTeam "Nemsova Horne Srnie"]
[WhiteTeamCountry "SVK"]
[BlackTeamCountry "SVK"]

1. Nf3 c5 2. c4 Nc6 3. Nc3 g6 4. e3 Bg7 5. d4 d6 6. Be2 e6 7. 0-0 Nge7 8. b3 cxd4 9. exd4 Nf5 10. Be3 a6 11. Rc1 Qb6 12. Na4 Qa7 13. c5 dxc5 14. dxc5 0-0 15. Nb6 Rb8 16. Rc2 Nxe3 17. fxe3 e5 18. Bc4 Bf5 19. Re2 Rbd8 20. Qe1 Bd3 21. Bxd3 Rxd3 22. Ng5 h6 23. Ne4 Rfd8 24. Qf2 f5 25. Nd6 R3xd6 26. cxd6 Qxb6 27. Rd1 h5 28. Qg3 Kf7 29. d7 Nb8 30. Red2 Qc7 1/2-1/2

[Event "SVK-chT3B2 1819"]
[Site "Slovakia"]
[Date "2019.01.13"]
[Round "5.8"]
[White "Zabka, Andrej"]
[Black "Malinovsky, Jozef"]
[Result "1-0"]
[WhiteElo "1405"]
[BlackElo "1781"]
[PlyCount "44"]
[EventDate "2018.10.21"]
[EventType "team-tourn"]
[EventRounds "11"]
[EventCountry "SVK"]
[SourceTitle "CBM 189 Extra"]
[Source "ChessBase"]
[SourceDate "2019.05.31"]
[SourceVersion "1"]
[SourceVersionDate "2019.05.31"]
[SourceQuality "1"]
[WhiteTeam "Handlova"]
[BlackTeam "Povazska Bystrica Sparta"]
[WhiteTeamCountry "SVK"]
[BlackTeamCountry "SVK"]

1. c4 Nf6 2. Nc3 e5 3. g3 a6 4. Bg2 Bc5 5. e3 d6 6. a3 0-0 7. Nge2 c6 8. 0-0 Be6 9. b3 Ba7 10. d4 exd4 11. exd4 d5 12. Qd3 Qd7 13. Rd1 Bf5 14. Qd2 Re8 15. Bb2 Bh3 16. Bh1 Qf5 17. Nf4 Nh5 18. Nxh5 Qxh5 19. cxd5 Rd8 20. Rac1 Nd7 21. Re1 Nf6 22. Re2 Rd7 1-0

[Event "SVK-ch Seniors 65"]
[Site "Tatranske Matliare"]
[Date "2017.05.29"]
[Round "4"]
[White "Steiner, Juraj"]
[Black "Malinovsky, Jozef"]
[Result "1-0"]
[WhiteElo "2050"]
[BlackElo "1812"]
[PlyCount "113"]
[EventDate "2017.05.27"]
[EventType "swiss"]
[EventRounds "9"]
[EventCountry "SVK"]
[SourceTitle "EXT 2023"]
[Source "ChessBase"]
[SourceDate "2022.10.05"]
[SourceVersion "1"]
[SourceVersionDate "2022.10.05"]
[SourceQuality "1"]

1. c4 e5 2. Nc3 Nf6 3. Nf3 Nc6 4. g3 h6 5. d3 Bb4 6. Bd2 d6 7. Bg2 Bd7 8. 0-0 Qc8 9. Re1 Nh7 10. h4 Be6 11. a3 Bxc3 12. Bxc3 f6 13. Rc1 0-0 14. b4 Ne7 15. Bb2 Rb8 16. d4 Bg4 17. c5 dxc5 18. dxe5 cxb4 19. axb4 Kh8 20. Qd4 Nc6 21. Qc5 a6 22. Red1 Qe6 23. Rd2 Bxf3 24. Bxf3 Nxe5 25. Bd5 Qb6 26. Qxb6 cxb6 27. Bd4 Nc6 28. Bxc6 bxc6 29. Rxc6 Rfd8 30. e3 a5 31. b5 Nf8 32. Rdc2 Nd7 33. Rd6 Nc5 34. Bxc5 bxc5 35. Rxd8+ Rxd8 36. Rxc5 Rb8 37. b6 Rxb6 38. Rxa5 Kg8 39. h5 Rb8 40. Kg2 Re8 41. Ra7 Kf8 42. Rd7 Kg8 43. Kf3 Kh7 44. Kf4 Ra8 45. e4 Ra5 46. Rd5 Ra4 47. f3 Ra3 48. Kg4 Re3 49. Rd7 Ra3 50. f4 Ra5 51. Rd2 Kg8 52. Rd8+ Kf7 53. Rd7+ Kf8 54. Rd5 Ra4 55. Kf5 Ke7 56. Rb5 Ra7 57. Kg6 1-0